[Event "SRB Central-chT qual"]
[Site "Nis"]
[Date "2014.10.03"]
[Round "2"]
[White "Jovanovic, Miroslav"]
[Black "Dinic, Miodrag"]
[Result "1/2-1/2"]
[WhiteElo "2002"]
[BlackElo "2055"]
[PlyCount "80"]
[EventDate "2014.10.02"]
[EventType "team-tourn"]
[EventRounds "7"]
[EventCountry "SRB"]
[SourceTitle "CBM 163 Extra"]
[Source "ChessBase"]
[SourceDate "2014.12.23"]
[SourceVersion "1"]
[SourceVersionDate "2014.12.23"]
[SourceQuality "1"]

1. d4 d5 2. Bg5 Bf5 3. e3 c6 4. Bd3 Bxd3 5. Qxd3 Nd7 6. Nd2 Ngf6 7. f4 Qa5 8. c3 e6 9. Ngf3 Be7 10. 0-0 h6 11. Bh4 Qc7 12. Ne5 0-0 13. Nxd7 Qxd7 14. h3 Ne8 15. Bxe7 Qxe7 16. e4 dxe4 17. Nxe4 Nd6 18. Rae1 Rad8 19. Nxd6 Qxd6 20. Qe3 Qd5 21. a3 a5 22. Rf2 b5 23. Qe5 Qxe5 24. Rxe5 Rd5 25. Rxd5 cxd5 26. f5 Rc8 27. fxe6 fxe6 28. Rf3 a4 29. Re3 Kf7 30. Kf2 Ke7 31. Ke2 Rf8 32. Ke1 Rf5 33. g4 Rf4 34. Ke2 Kd6 35. Kd2 Rf2+ 36. Kc1 Rf1+ 37. Kc2 Rf2+ 38. Kc1 g6 39. Rd3 e5 40. dxe5+ Kxe5 1/2-1/2

[Event "SRB Central-chT qual"]
[Site "Nis"]
[Date "2014.10.02"]
[Round "1"]
[White "Sinadinovic, Ilija"]
[Black "Jovanovic, Miroslav"]
[Result "1/2-1/2"]
[WhiteElo "1853"]
[BlackElo "2002"]
[PlyCount "83"]
[EventDate "2014.10.02"]
[EventType "team-tourn"]
[EventRounds "7"]
[EventCountry "SRB"]
[SourceTitle "CBM 163 Extra"]
[Source "ChessBase"]
[SourceDate "2014.12.23"]
[SourceVersion "1"]
[SourceVersionDate "2014.12.23"]
[SourceQuality "1"]

1. d4 d6 2. c4 e5 3. e3 Nc6 4. Nc3 g6 5. d5 Nce7 6. e4 f5 7. f4 Bg7 8. Qc2 exf4 9. Bxf4 Nh6 10. Nf3 Nf7 11. Bd3 0-0 12. 0-0-0 fxe4 13. Nxe4 Bg4 14. Rhf1 Bxf3 15. Rxf3 Nf5 16. Qd2 Qd7 17. Re1 Rae8 18. g3 a6 19. h4 Nd4 20. Rf2 Ne5 21. Bxe5 Rxe5 22. Ref1 Rxf2 23. Rxf2 Rf5 24. Ng5 Rxf2 25. Qxf2 Qe7 26. g4 c5 27. Ne4 Be5 28. h5 Kg7 29. hxg6 hxg6 30. g5 Qf8 31. Qxf8+ Kxf8 32. Kd1 Kf7 33. Be2 Ke7 34. Bg4 b5 35. b3 b4 36. Kd2 a5 37. Bd1 Bf4+ 38. Ke1 Be5 39. Kf2 Bf4 40. Kg2 Be5 41. Nd2 Bf4 42. Ne4 1/2-1/2

[Event "Vojvodina-chT 2nd League"]
[Site "Stari Banovci"]
[Date "2013.11.08"]
[Round "7"]
[White "Jovanovic, Miroslav"]
[Black "Galyas, Miklos"]
[Result "0-1"]
[WhiteElo "2044"]
[BlackElo "2435"]
[PlyCount "40"]
[EventDate "2013.11.03"]
[EventType "team-tourn"]
[EventRounds "11"]
[EventCountry "SRB"]
[SourceTitle "EXT 2015"]
[Source "ChessBase"]
[SourceDate "2014.11.20"]
[SourceVersion "1"]
[SourceVersionDate "2014.11.20"]
[SourceQuality "1"]

1. e4 e6 2. d4 d5 3. Nc3 Bb4 4. exd5 exd5 5. Bd3 c6 6. Nge2 Nf6 7. a3 Bd6 8. Bf4 0-0 9. 0-0 Bg4 10. f3 Bh5 11. Qd2 Bg6 12. Bxd6 Qxd6 13. Nf4 Nbd7 14. Rae1 Rfe8 15. Re2 Rxe2 16. Ncxe2 Nb6 17. Nc3 Re8 18. Nce2 Bxd3 19. Qxd3 Nc4 20. Rb1 b5 0-1

[Event "Belgrade op"]
[Site "Belgrade"]
[Date "2008.01.12"]
[Round "5"]
[White "Indjic, Stefan"]
[Black "Jovanovic, Miroslav"]
[Result "1-0"]
[WhiteElo "2055"]
[BlackElo "2057"]
[PlyCount "61"]
[EventDate "2008.01.10"]
[EventType "swiss"]
[EventRounds "9"]
[EventCountry "YUG"]
[SourceTitle "EXT 2010"]
[Source "ChessBase"]
[SourceDate "2010.11.25"]
[SourceVersion "1"]
[SourceVersionDate "2010.11.25"]
[SourceQuality "1"]

1. d4 d5 2. c4 dxc4 3. Nf3 Nf6 4. e3 e6 5. Bxc4 c5 6. 0-0 a6 7. Qe2 b5 8. Bb3 Be7 9. a4 bxa4 10. Bxa4+ Nbd7 11. Ne5 Qc7 12. Bd2 0-0 13. Nc6 Bd6 14. h3 Bb7 15. Na5 Ne4 16. Nxb7 Qxb7 17. Bc3 Ndf6 18. Na3 Nxc3 19. bxc3 cxd4 20. cxd4 Bxa3 21. Rxa3 Rfc8 22. Rfa1 Nd5 23. Bc2 Qc7 24. Bd3 a5 25. Qd2 Nb4 26. Be4 Ra7 27. g3 g6 28. h4 Kg7 29. Ra4 h5 30. Qe2 Qd8 31. Rxb4 1-0

[Event "Belgrade op"]
[Site "Belgrade"]
[Date "2008.01.11"]
[Round "2"]
[White "Jovanovic, Miroslav"]
[Black "Mikanovic, Sandro"]
[Result "0-1"]
[WhiteElo "2057"]
[BlackElo "2162"]
[PlyCount "70"]
[EventDate "2008.01.10"]
[EventType "swiss"]
[EventRounds "9"]
[EventCountry "YUG"]
[SourceTitle "EXT 2010"]
[Source "ChessBase"]
[SourceDate "2010.11.25"]
[SourceVersion "1"]
[SourceVersionDate "2010.11.25"]
[SourceQuality "1"]

1. d4 Nf6 2. Nf3 c5 3. d5 e6 4. c4 exd5 5. cxd5 d6 6. Nc3 g6 7. e4 a6 8. a4 Bg4 9. Be2 Bxf3 10. Bxf3 Bg7 11. 0-0 0-0 12. Qc2 Nbd7 13. g3 Re8 14. Bg2 c4 15. h3 Nc5 16. Be3 Qa5 17. Kh2 Re7 18. Bxc5 Qxc5 19. Rfe1 Rae8 20. a5 Nd7 21. Qd2 h5 22. h4 Ne5 23. f3 Nd3 24. Re2 Qb4 25. Na4 Qb5 26. Qc2 Nb4 27. Qd2 Nxd5 28. Ree1 Nb4 29. Rec1 Nd3 30. Rc2 d5 31. exd5 Nb4 32. Bf1 Nxc2 33. Qxc2 Qxd5 34. Kg2 Re3 35. Qf2 Qxa5 0-1

[Event "SRB Central-ch"]
[Site "Vrnjacka Banja"]
[Date "2007.12.16"]
[Round "9"]
[White "Jovanovic, Miroslav"]
[Black "Dodic, Dragan"]
[Result "0-1"]
[WhiteElo "2052"]
[BlackElo "2162"]
[PlyCount "129"]
[EventDate "2007.12.10"]
[EventType "swiss"]
[EventRounds "9"]
[EventCountry "YUG"]
[SourceTitle "CBM 121 Extra"]
[Source "ChessBase"]
[SourceDate "2008.01.10"]
[SourceVersion "1"]
[SourceVersionDate "2008.01.10"]
[SourceQuality "1"]

1. d4 d5 2. c3 Nf6 3. Bg5 c6 4. Bxf6 exf6 5. e3 f5 6. Bd3 Bd6 7. Qf3 g6 8. Nd2 Be6 9. Ne2 Nd7 10. Nf4 Qc7 11. h3 h5 12. Nxe6 fxe6 13. g4 hxg4 14. hxg4 0-0-0 15. 0-0-0 c5 16. Kb1 c4 17. Be2 b5 18. Rxh8 Rxh8 19. Rh1 Qd8 20. Qg2 Rxh1+ 21. Qxh1 Qg8 22. g5 Kc7 23. f4 a5 24. Kc2 Nb6 25. Nf3 Nd7 26. Qh6 Bf8 27. Qh2 Bd6 28. b3 Kc6 29. bxc4 bxc4 30. Qh1 a4 31. Nd2 a3 32. Bf3 Qa8 33. Qb1 Qa5 34. Bd1 Nb6 35. Qc1 Na4 36. Nb1 Nb2 37. Be2 Qb5 38. Kd2 Kc7 39. Bd1 Qb8 40. Bf3 Nd3 41. Qc2 Qb5 42. Bd1 Nb2 43. Bf3 Kb6 44. Ke2 Ka5 45. Kd2 Qb8 46. Qc1 Nd3 47. Qd1 Qb2+ 48. Qc2 Qxc2+ 49. Kxc2 Ne1+ 50. Kd2 Nxf3+ 51. Ke2 Nh2 52. Nd2 Kb6 53. Kf2 Bb4 54. Nb1 Bd6 55. Kg2 Ng4 56. Kf3 Kb5 57. Ke2 Bc7 58. Nd2 Ba5 59. Nf3 Bxc3 60. Nh4 Bb4 61. Nxg6 c3 62. Kd1 Nxe3+ 63. Kc1 Bd6 64. Kb1 Kb4 65. Kc1 0-1

[Event "SRB Central-ch"]
[Site "Vrnjacka Banja"]
[Date "2007.12.14"]
[Round "7"]
[White "Jovanovic, Miroslav"]
[Black "Tasic, Zoran T"]
[Result "0-1"]
[WhiteElo "2052"]
[BlackElo "2178"]
[PlyCount "194"]
[EventDate "2007.12.10"]
[EventType "swiss"]
[EventRounds "9"]
[EventCountry "YUG"]
[SourceTitle "CBM 121 Extra"]
[Source "ChessBase"]
[SourceDate "2008.01.10"]
[SourceVersion "1"]
[SourceVersionDate "2008.01.10"]
[SourceQuality "1"]

1. d4 g6 2. c3 Bg7 3. Bg5 c5 4. e3 Qb6 5. Qb3 Nc6 6. Nd2 Qxb3 7. axb3 cxd4 8. exd4 d5 9. Ngf3 f6 10. Be3 Nh6 11. b4 b6 12. Bb5 Bb7 13. 0-0 Nf5 14. Ra2 Nd6 15. Be2 g5 16. Rfa1 b5 17. Nb3 0-0 18. Nc5 Bc8 19. Nd2 h6 20. Ndb3 e6 21. Na5 Nd8 22. f4 Rf7 23. Bf3 Bf8 24. Bd2 Rg7 25. g3 g4 26. Be2 h5 27. Bf1 Rb8 28. Nab3 Nc6 29. Be1 Nf5 30. Bf2 Bd6 31. Re1 Re7 32. Bd3 e5 33. fxe5 fxe5 34. dxe5 Nxe5 35. Kg2 Nc4 36. Rxe7 Nxe7 37. Rxa7 Nxb2 38. Bd4 Nxd3 39. Nxd3 Rb7 40. Ra6 Nf5 41. Ra8 Rb8 42. Rxb8 Bxb8 43. Bf2 d4 44. Nxd4 Bb7+ 45. Kg1 Nd6 46. Nc5 Bc8 47. Nc6 Bc7 48. Ne7+ Kf7 49. Nxc8 Nxc8 50. Bd4 Bd6 51. Kf2 Ne7 52. Ne4 Bc7 53. Ng5+ Kg6 54. Ne6 Bb8 55. Bc5 Nd5 56. Bd4 h4 57. Nf8+ Kf5 58. gxh4 Bxh2 59. Nd7 Nf4 60. Nc5 Nh5 61. Kg2 Bg3 62. Bf2 Be5 63. Bd4 Nf4+ 64. Kf2 Bc7 65. Be3 Nh5 66. Kg2 Bd8 67. Bf2 Bf6 68. Be1 Nf4+ 69. Kf1 Nd5 70. Na6 Kf4 71. h5 Kf3 72. h6 Nxc3 73. Nc7 g3 74. Bxg3 Kxg3 75. h7 Kf3 76. Ne8 Bd4 77. Nd6 Kf4 78. Kg2 Kg4 79. Kf1 Kg5 80. Ke1 Kg6 81. Kd2 Kxh7 82. Kd3 Be5 83. Ne4 Na2 84. Kc2 Nxb4+ 85. Kb3 Nc6 86. Nc5 Kg6 87. Nd3 Bd6 88. Nb2 Kf5 89. Nd3 Ke4 90. Nb2 Be5 91. Nd1 Bd4 92. Kc2 Na5 93. Kd2 b4 94. Kc2 b3+ 95. Kb1 Nc4 96. Kc1 Kd3 97. Kb1 Kd2 0-1

[Event "SRB Central-ch"]
[Site "Vrnjacka Banja"]
[Date "2007.12.12"]
[Round "4"]
[White "Jovanovic, Miroslav"]
[Black "Pantic, Ivica"]
[Result "1-0"]
[WhiteElo "2052"]
[BlackElo "2192"]
[PlyCount "174"]
[EventDate "2007.12.10"]
[EventType "swiss"]
[EventRounds "9"]
[EventCountry "YUG"]
[SourceTitle "CBM 121 Extra"]
[Source "ChessBase"]
[SourceDate "2008.01.10"]
[SourceVersion "1"]
[SourceVersionDate "2008.01.10"]
[SourceQuality "1"]

1. d4 Nf6 2. Bg5 Ne4 3. Bf4 c5 4. f3 Qa5+ 5. c3 Nf6 6. Nd2 cxd4 7. Nb3 Qd8 8. cxd4 d6 9. e4 g6 10. Bb5+ Bd7 11. Bxd7+ Nbxd7 12. Ne2 Bg7 13. Qd2 Rc8 14. 0-0 0-0 15. Rac1 Nb6 16. Rxc8 Qxc8 17. Rc1 Qd7 18. Qa5 Ra8 19. Nd2 Nh5 20. Be3 d5 21. e5 Bf8 22. g4 Ng7 23. Nf4 f6 24. Nd3 Ne6 25. h3 Bg7 26. f4 fxe5 27. fxe5 h5 28. Nf2 Kh7 29. gxh5 gxh5 30. Qc3 Kh8 31. Qd3 Rg8 32. Kh1 Nf8 33. Rg1 Nh7 34. Qg6 Qe8 35. Qg2 e6 36. Nf3 Nd7 37. Qg6 Qxg6 38. Rxg6 Re8 39. Rg1 Rc8 40. Rc1 Rc6 41. Nd3 Bf8 42. Rxc6 bxc6 43. Nf4 Bh6 44. Nxd5 cxd5 45. Bxh6 Kg8 46. Kg2 Kf7 47. Nh4 a5 48. b3 Nb8 49. a4 Nc6 50. Be3 Nf8 51. Kf3 Na7 52. Bd2 Nc6 53. Ke3 Nd7 54. Bc3 Nb6 55. b4 Kg7 56. Ng2 Nd7 57. Nf4 Nf8 58. Nxh5+ Kg6 59. Nf4+ Kg5 60. Nd3 Ng6 61. Be1 Nge7 62. Nc5 Nf5+ 63. Kd3 Nfxd4 64. Bc3 Nf3 65. Nxe6+ Kf5 66. Nd4+ Ncxd4 67. Bxd4 Ne1+ 68. Kd2 Nf3+ 69. Ke3 Nh4 70. Kd3 Ng2 71. Bb6 Kxe5 72. Bc7+ Ke6 73. Bg3 Kd7 74. Kd4 Ke6 75. h4 Kf5 76. Kxd5 Kg4 77. Bf2 Nf4+ 78. Kc4 Kf3 79. Be1 Ng2 80. h5 Ne3+ 81. Kb5 Nf5 82. Kxa5 Kg4 83. b5 Kxh5 84. Ka6 Kg6 85. b6 Nd6 86. Bb4 Nc4 87. Kb5 Ne5 1-0

[Event "SRB Central-ch"]
[Site "Vrnjacka Banja"]
[Date "2007.12.11"]
[Round "3"]
[White "Jovanovic, Miroslav"]
[Black "Sredojevic, Ivan"]
[Result "0-1"]
[WhiteElo "2052"]
[BlackElo "2357"]
[PlyCount "65"]
[EventDate "2007.12.10"]
[EventType "swiss"]
[EventRounds "9"]
[EventCountry "YUG"]
[SourceTitle "CBM 121 Extra"]
[Source "ChessBase"]
[SourceDate "2008.01.10"]
[SourceVersion "1"]
[SourceVersionDate "2008.01.10"]
[SourceQuality "1"]

1. d4 Nf6 2. Bg5 Ne4 3. Bf4 c5 4. c3 Qb6 5. Qb3 Qf6 6. Be3 cxd4 7. Bxd4 Qf4 8. Be3 Qc7 9. f3 Nc5 10. Qc2 d5 11. Nd2 e5 12. Bf2 Be7 13. e4 dxe4 14. Nxe4 Nbd7 15. Nxc5 Bxc5 16. Bd3 Bxf2+ 17. Qxf2 Nc5 18. Bb5+ Kf8 19. Qh4 Be6 20. Qb4 Kg8 21. Be2 g6 22. h4 a5 23. Qa3 Kg7 24. Nh3 e4 25. 0-0-0 b5 26. Bxb5 Bxh3 27. Rxh3 Rab8 28. Be2 Qf4+ 29. Kc2 Qe3 30. Bf1 Rhd8 31. c4 Qf2+ 32. Kc1 Rxd1+ 33. Kxd1 0-1

[Event "Nis Easter"]
[Site "Nis"]
[Date "2007.04.25"]
[Round "7"]
[White "Jovanovic, Miroslav"]
[Black "Vulicevic, Branimir"]
[Result "1/2-1/2"]
[WhiteElo "2089"]
[BlackElo "2163"]
[PlyCount "29"]
[EventDate "2007.04.19"]
[EventType "schev"]
[EventRounds "8"]
[EventCountry "YUG"]
[SourceTitle "EXT 2008"]
[Source "ChessBase"]
[SourceDate "2007.11.25"]
[SourceVersion "1"]
[SourceVersionDate "2007.11.25"]
[SourceQuality "1"]

1. d4 d5 2. Nc3 e6 3. e4 dxe4 4. Nxe4 Nd7 5. Bd3 Ngf6 6. c3 Be7 7. Nxf6+ Nxf6 8. Nf3 0-0 9. Bg5 Re8 10. Qe2 Nd5 11. Bxe7 Qxe7 12. g3 c5 13. h4 cxd4 14. Nxd4 e5 15. Nf5 1/2-1/2

[Event "Belgrade Winter op"]
[Site "Belgrade"]
[Date "2007.02.01"]
[Round "9"]
[White "Klasan, Vladimir"]
[Black "Jovanovic, Miroslav"]
[Result "1-0"]
[WhiteElo "2276"]
[BlackElo "2089"]
[PlyCount "41"]
[EventDate "2007.01.24"]
[EventType "swiss"]
[EventRounds "9"]
[EventCountry "YUG"]
[SourceTitle "EXT 2010"]
[Source "ChessBase"]
[SourceDate "2010.11.25"]
[SourceVersion "1"]
[SourceVersionDate "2010.11.25"]
[SourceQuality "1"]

1. e4 e5 2. Nf3 Nc6 3. Nc3 Nf6 4. g3 Bc5 5. Bg2 0-0 6. 0-0 d6 7. d3 h6 8. Na4 Qe7 9. Nxc5 dxc5 10. h3 Rd8 11. Qe2 Be6 12. Bd2 Rd7 13. Bc3 Nd4 14. Nxd4 cxd4 15. Bd2 Nh7 16. f4 f6 17. Qh5 Bf7 18. Qg4 Kh8 19. Rf2 Rf8 20. fxe5 fxe5 21. Bb4 1-0

[Event "Belgrade Winter op"]
[Site "Belgrade"]
[Date "2007.01.25"]
[Round "2"]
[White "Jovanovic, Miroslav"]
[Black "Mihajlovic, Miodrag"]
[Result "0-1"]
[WhiteElo "2089"]
[BlackElo "2243"]
[PlyCount "72"]
[EventDate "2007.01.24"]
[EventType "swiss"]
[EventRounds "9"]
[EventCountry "YUG"]
[SourceTitle "EXT 2010"]
[Source "ChessBase"]
[SourceDate "2010.11.25"]
[SourceVersion "1"]
[SourceVersionDate "2010.11.25"]
[SourceQuality "1"]

1. e4 c5 2. Nf3 d6 3. d4 cxd4 4. Nxd4 Nf6 5. Nc3 a6 6. Bg5 e6 7. f4 Qb6 8. a3 Nc6 9. Nb3 h6 10. Bxf6 Qe3+ 11. Be2 gxf6 12. Qd2 Qxd2+ 13. Nxd2 b5 14. 0-0 Nd4 15. Bd3 Bb7 16. Nf3 Nxf3+ 17. Rxf3 Rc8 18. Re1 Be7 19. Rg3 Bd8 20. Rd1 Ke7 21. f5 Bb6+ 22. Kh1 e5 23. Nb1 h5 24. c3 h4 25. Rf3 h3 26. Bc2 hxg2+ 27. Kxg2 Rcg8+ 28. Rg3 Be3 29. Nd2 Bf4 30. Rxg8 Rxg8+ 31. Kh1 Be3 32. Nf3 Rg4 33. Re1 Bh6 34. h3 Rg3 35. Bd1 d5 36. Kh2 Bf4 0-1

[Event "SRB-chT2 East"]
[Site "Serbia"]
[Date "2006.09.16"]
[Round "2.3"]
[White "Jovanovic, Miroslav"]
[Black "Zivkovic, Branimir"]
[Result "0-1"]
[WhiteElo "2104"]
[BlackElo "2190"]
[PlyCount "109"]
[EventDate "2006.09.09"]
[EventType "team"]
[EventRounds "11"]
[EventCountry "SRB"]
[SourceTitle "EXT 2012"]
[Source "ChessBase"]
[SourceDate "2011.11.24"]
[SourceVersion "1"]
[SourceVersionDate "2011.11.24"]
[SourceQuality "1"]

1. d4 Nf6 2. Bg5 g6 3. Bxf6 exf6 4. e3 Bg7 5. Bd3 f5 6. Nd2 b6 7. Qf3 Nc6 8. c3 Bb7 9. Qh3 Qe7 10. Ne2 0-0 11. Rg1 Nd8 12. g4 fxg4 13. Qxg4 f5 14. Qg3 Ne6 15. Nf4 c5 16. 0-0-0 Rac8 17. Kb1 Kh8 18. h4 Bh6 19. Nxe6 Qxe6 20. f4 Rce8 21. Rde1 Re7 22. h5 gxh5 23. Qh4 Qf7 24. Bc4 d5 25. Bb3 Rfe8 26. Nf3 cxd4 27. cxd4 Bg7 28. Ne5 Bxe5 29. dxe5 Rg8 30. Rxg8+ Kxg8 31. Rg1+ Kf8 32. Rg5 Bc8 33. Rxh5 Be6 34. Rh6 Qg7 35. a3 Ke8 36. Ka2 Kd7 37. Qf6 Qxf6 38. Rxf6 Rf7 39. Rh6 Ke7 40. Kb1 Rg7 41. Kc2 Rg2+ 42. Kc1 Rg1+ 43. Kc2 Rg2+ 44. Kc3 Bg8 45. Bc2 Rg6 46. Rh5 Rc6+ 47. Kd2 h6 48. Bxf5 Bf7 49. Rh1 h5 50. Bd3 Rh6 51. e4 h4 52. f5 dxe4 53. Bxe4 h3 54. Rh2 Rh4 55. Ke3 0-1

[Event "Serbia-ch"]
[Site "Vrnjacka Banja"]
[Date "2006.02.05"]
[Round "9"]
[White "Jovanovic, Miroslav"]
[Black "Jevtic, Miroljub L"]
[Result "1-0"]
[WhiteElo "2104"]
[BlackElo "2153"]
[PlyCount "57"]
[EventDate "2006.01.30"]
[EventType "swiss"]
[EventRounds "9"]
[EventCountry "YUG"]
[SourceTitle "CBM 110 Extra"]
[Source "ChessBase"]
[SourceDate "2006.03.10"]
[SourceVersion "2"]
[SourceVersionDate "2006.03.10"]
[SourceQuality "1"]

1. d4 Nf6 2. c4 e6 3. Nf3 b6 4. g3 Bb7 5. Bg2 c5 6. 0-0 cxd4 7. Nxd4 Bxg2 8. Kxg2 Nc6 9. Nb5 d6 10. Bg5 a6 11. Bxf6 gxf6 12. Nd4 Nxd4 13. Qxd4 h5 14. Nd2 h4 15. Ne4 h3+ 16. Kg1 e5 17. Qd5 f5 18. Qc6+ Ke7 19. Nxd6 Qxd6 20. Qxa8 Bg7 21. Qb7+ Kf6 22. Rad1 Qb4 23. a3 Qxc4 24. Rd6+ Kg5 25. f4+ exf4 26. gxf4+ Kh4 27. Rd3 Bd4+ 28. Kh1 f6 29. Qf3 1-0